| 000 | 00839nam a2200253Ia 4500 | ||
|---|---|---|---|
| 003 | GCL | ||
| 008 | 140319s9999 xx 000 0 ara d | ||
| 040 |
_aGCL / _cGCL |
||
| 082 | 0 | 4 |
_aق _b962.16 _bف ق |
| 100 | 1 | _aفولكف، اولج | |
| 245 | 1 | 0 |
_aالقاهرة مدينة الف ليلة وليلة 1969-969 / _cفولكف، اولج |
| 700 | 1 | _aاحمد صليحة | |
| 260 |
_a[S.N] : _bالهيئة المصرية العامة للكتاب ، _c1986 |
||
| 300 | _a159 | ||
| 490 | _a | ||
| 650 | 0 | 4 | _aالعصر الحديث |
| 650 | 0 | 4 | _aتاريخ |
| 650 | 0 | 4 | _aالعادات والتقاليد |
| 650 | 0 | 4 | _aالاثار الاسلامية |
| 650 | 0 | 4 | _aفتح العرب لمصر |
| 650 | 0 | 4 | _aالقاهرة |
| 650 | 0 | 4 | _aالعالم العربى - تاريخ - العصر العثمانى |
| 942 |
_2ddc _cBK |
||
| 999 |
_c53037 _d53037 |
||